[Event "IND-ch U15 Girls 38th"]
[Site "New Delhi"]
[Date "2022.12.01"]
[Round "5"]
[White "Swasti, Jha"]
[Black "Pragnya, HG."]
[Result "0-1"]
[WhiteElo "1259"]
[BlackElo "1640"]
[PlyCount "108"]
[EventDate "2022.11.28"]
[EventType "swiss"]
[EventRounds "11"]
[EventCountry "IND"]
[SourceTitle "CBM 211 Extra"]
[Source "ChessBase"]
[SourceDate "2023.01.31"]
[SourceVersion "1"]
[SourceVersionDate "2023.01.31"]
[SourceQuality "1"]

1. d4 Nf6 2. c4 e6 3. Nc3 d5 4. Nf3 Be7 5. Bf4 a6 6. e3 0-0 7. Bd3 Nbd7 8. 0-0 dxc4 9. Bxc4 b5 10. Bd3 Bb7 11. h3 Rc8 12. a3 c5 13. Bh2 Qb6 14. Re1 Rfd8 15. Qe2 Bxf3 16. Qxf3 cxd4 17. exd4 Qxd4 18. Rad1 Qb6 19. Bf4 Nc5 20. Be3 Qb7 21. Bxc5 Qxf3 22. gxf3 Bxc5 23. Ne4 Nd5 24. Nxc5 Rxc5 25. Re5 Rc6 26. h4 g6 27. Bf1 Rc2 28. b4 Rc3 29. Rd3 Rdc8 30. Be2 Rxd3 31. Bxd3 Rc3 32. Be4 Rxa3 33. Bxd5 exd5 34. Rxd5 Rxf3 35. Rd8+ Kg7 36. Rd4 Rc3 37. Kf1 Rc4 38. Rxc4 bxc4 39. Ke2 Kf6 40. Ke3 Ke5 41. f3 f5 42. f4+ Kd5 43. Ke2 Ke4 44. Kd2 Kxf4 45. Kc3 Ke3 46. Kxc4 f4 47. Kc5 f3 48. Kb6 f2 49. Kxa6 f1Q+ 50. b5 Kd4 51. Kb6 Kc4 52. Kc6 Qf6+ 53. Kc7 Kxb5 54. Kc8 Kc6 0-1

[Event "Mumbai Wealth U13 op 5th"]
[Site "Mumbai"]
[Date "2020.01.07"]
[Round "9"]
[White "Swasti, Jha"]
[Black "Darsh, Shetty"]
[Result "0-1"]
[WhiteElo "1034"]
[BlackElo "1227"]
[PlyCount "76"]
[EventDate "2019.12.30"]
[EventType "swiss"]
[EventRounds "9"]
[EventCountry "IND"]
[SourceTitle "CBM 194 Extra"]
[Source "ChessBase"]
[SourceDate "2020.03.31"]
[SourceVersion "1"]
[SourceVersionDate "2020.03.31"]
[SourceQuality "1"]

1. d4 Nf6 2. Bf4 d5 3. e3 c5 4. c3 Qb6 5. Qb3 c4 6. Qc2 Nc6 7. Nf3 Bf5 8. Qc1 e6 9. Be2 Be7 10. 0-0 0-0 11. Nbd2 Qa5 12. b3 Ba3 13. b4 Qa4 14. Bd1 Qa6 15. b5 Qa5 16. Bc7 b6 17. Nxc4 dxc4 18. Qd2 Qxb5 19. Be2 Rac8 20. Bg3 Ne4 21. Qe1 Bb2 22. Rb1 Nxg3 23. hxg3 Bxb1 24. Qxb1 a6 25. Bxc4 Qxc4 26. Qxb2 b5 27. Rb1 Ne7 28. Rc1 f6 29. a3 Nd5 30. Nd2 Qd3 31. Nb1 Rc6 32. Qb3 Rfc8 33. Qb2 Rf8 34. Qb3 Rfc8 35. Qb2 Nxc3 36. Nxc3 Rxc3 37. Rf1 Qxf1+ 38. Kxf1 Rc1+ 0-1